01843 2200457 4500001002100000005001500021035002000036008004100056020001800097041000800115082001000123084001600133100001700149245011100166260004400277300003100321504001100352520044700363650003300810650004200843990002500885990002500910990002500935990002500960990002500985990002501010990002501035990002501060990002501085990002501110990002501135990002501160990002501185990002501210990002501235990002501260990002501285990002501310990002501335990002501360INLIS00000000000825220221026042531 a0010-0520008252221026 | | ind  a9789794444535 aind a332.7 a332.7 BUD p0 aBudi Hartono1 aPerlindungan Debitur KPM & KPR Menghadapi Penagihan Utang dan Lelang Jaminan oleh Kreditur /cBudi Hartono aJakarta :bPustaka Utama Grafiti,c2009 ax, 118 p. ; 23 cm ;c23 cm ap. 119 aKredit Kepemilikan Mobil (KPM) dan Kredit Kepemilikan Rumah (KPR) bisa menjadi solusi saat ingin memiliki mobil atau rumah tetapi dana terbatas. Namun solusi itu akan menjadi bencana ketika terjadi kemacetan pembayaran cicilan kredit oleh debitur kepada kreditur. Buku ini memberikan panduan praktis bagi para debitur KPM dan KPR dalam menghadapi penagihan utang dan pelelangan jaminan oleh kreditur dengan berpedoman pada hukum yang berlaku. 4aCredit - Law and legislation 4aConsumer credit - Law and legislation a18981/MKRI-P/XI-2010 a18982/MKRI-P/XI-2010 a18979/MKRI-P/XI-2010 a18980/MKRI-P/XI-2010 a18982/MKRI-P/XI-2010 a18981/MKRI-P/XI-2010 a18979/MKRI-P/XI-2010 a18980/MKRI-P/XI-2010 a18981/MKRI-P/XI-2010 a18982/MKRI-P/XI-2010 a18979/MKRI-P/XI-2010 a18980/MKRI-P/XI-2010 a18980/MKRI-P/XI-2010 a18981/MKRI-P/XI-2010 a18982/MKRI-P/XI-2010 a18979/MKRI-P/XI-2010 a18979/MKRI-P/XI-2010 a18981/MKRI-P/XI-2010 a18982/MKRI-P/XI-2010 a18980/MKRI-P/XI-2010